| Поле | Инд. | ПП | Название | Значение |
|---|---|---|---|---|
| Тип записи | a | |||
| Библиографический уровень | m | |||
| 001 | Контрольный номер | fda13939-cf36-44c3-a939-89200d2a292e | ||
| 005 | Дата корректировки | 20131111193507.3 | ||
| 008 | Кодируемые данные | 981125 d | ||
| 020 | c | Цена, тираж | 15.74 | |
| 040 | a | Служба первич. каталог. | НБ ТвГУ | |
| 041 | a | Код языка текста | rus | |
| 080 | a | Индекс УДК | 535(075.8) | |
| 084 | a | Индекс другой классификации/Индекс ББК | В34я731-1 | |
| 090 | c | Каталожный индекс | В34я731-1 | |
| x | Авторский знак | Л22 | ||
| a | Полочн. индекс | 535 | ||
| 100 | 1_ | a | Автор | Ландсберг Григорий Самуилович |
| 245 | 00 | a | Заглавие | Оптика |
| b | Продолж. заглавия | Учеб. пособие для гос. ун-тов | ||
| c | Ответственность | Г.С. Лансберг | ||
| 250 | a | Основные сведения об издании | 4.изд., перераб. | |
| 260 | 0_ | a | Место издания | Москва |
| b | Издательство | Наука | ||
| c | Дата издания | 1957 | ||
| 300 | a | Объем | 759 с. | |
| b | Иллюстрации/ тип воспроизводства | ил. | ||
| 504 | a | Библиография | Предм., имен. указ.: с.751-759. | |
| 583 | a | Действие | Приписка 520 06.11.98 | |
| k | Исполнитель действия | Взамен утраченных | ||
| 650 | a | Основная рубрика | Оптика | |
| x | Основная подрубрика | Учебники для вузов | ||
| 653 | a | Ключевые слова | Оптика | |
| a | Ключевые слова | Учебники | ||
| 852 | t | Порядковый номер экземпляра | 1 | |
| p | Инвентарный номер | 701605 15.74 | ||
| 888 | a | Бесплатные | ||
| 930 | a | Новая/Ретро | учебники | |
| 952 | p | 520.98 15.74 1 701605 | ||
| c | Вид литературы | К ру | ||
| 954 | a | Дата поступления на обработку | 19981110 | |
| 999 | a | Подразделение 2 | Фил3 |